000 00626cam a2200193 4500
001 WB3648-42
008 000000n2000 000 0 eng u
035 _a(Sirsi) u109872
245 _aCanals to link London to the Lakes
260 _c2000
490 _aTimes
_v7 December 2000, 16(1)
520 _aPlans are in place to renovate and extend hundreds of miles of dilapidated and neglected canals. The initial £6m phase will link the Lancaster Canal to the River Ribble.
590 _aWB
650 _aCANALS
650 _aWATERWAYS
650 _aRENOVATION
690 _aTRANSPORT AND COMMUNICATIONS
942 _n0
999 _c65548
_d65548